000 00351 a2200157 4500
001 192132
020 _a978-85-260-2200-3
040 _cMagnum
100 _aRey, Marcos
240 1 0 _aOs cavaleiros da praga divina
_lpor
245 1 0 _aOs cavaleiros da praga divina
300 _a175
362 0 _a2015
697 _aLITERATURA GERAL
942 _cBK
999 _c192132
_d192132